Project management for information systems / (Record no. 297)

MARC details
000 -LEADER
fixed length control field 00727nam a2200229 a 4500
001 - CONTROL NUMBER
control field 297
005 - DATE AND TIME OF LATEST TRANSACTION
control field 20221127085915.0
008 - FIXED-LENGTH DATA ELEMENTS--GENERAL INFORMATION
fixed length control field 050920s lxxka | 00100|eng d
020 ## - INTERNATIONAL STANDARD BOOK NUMBER
International Standard Book Number 0273651455 :
Terms of availability SR168.00
035 ## - SYSTEM CONTROL NUMBER
System control number 310
082 04 - DEWEY DECIMAL CLASSIFICATION NUMBER
Classification number 658.4038
Item number P943 2001
245 00 - TITLE STATEMENT
Title Project management for information systems /
Statement of responsibility, etc. edited by James Cadle, Donald Yeates
250 ## - EDITION STATEMENT
Edition statement 3rd ed.
260 ## - PUBLICATION, DISTRIBUTION, ETC.
Place of publication, distribution, etc. Harlow, England :
Name of publisher, distributor, etc. FT/Prentice Hall,
Date of publication, distribution, etc. 2001.
300 ## - PHYSICAL DESCRIPTION
Extent xvi, 384 p. :
Other physical details ill. ;
Dimensions 24 cm.
504 ## - BIBLIOGRAPHY, ETC. NOTE
Bibliography, etc. note Includes bibl. references and index.
650 #4 - SUBJECT ADDED ENTRY--TOPICAL TERM
Topical term or geographic name entry element Management information systems.
650 #4 - SUBJECT ADDED ENTRY--TOPICAL TERM
Topical term or geographic name entry element Project management.
650 #4 - SUBJECT ADDED ENTRY--TOPICAL TERM
Topical term or geographic name entry element System analysis.
700 1# - ADDED ENTRY--PERSONAL NAME
Personal name Cadle, James,
Relator term editor.
700 1# - ADDED ENTRY--PERSONAL NAME
Personal name Yeates, Donald,
Relator term jt. editor.
Holdings
Withdrawn status Lost status Source of classification or shelving scheme Damaged status Not for loan Home library Current library Date acquired Total Checkouts Full call number Barcode Date last seen Copy number Price effective from Koha item type
          CENTRAL CENTRAL 11/27/2022   658.4038 P943 2001 1000000001614 11/27/2022 C1 11/27/2022 Book
    Dewey Decimal Classification     KHOBAR KHOBAR 11/27/2022   658.4038 P943 2001 1000000001613 11/27/2022 C2 11/27/2022 Book